Statistics for 10 Biggest Cities: India

Click here to take the quiz!

General Stats

  • This quiz has been taken 171 times
  • The average score is 8 of 10

Answer Stats

PopulationCity% Correct
12,442,373Mumbai
100%
11,034,555Delhi
99%
4,496,694Kolkata
87%
7,088,000Chennai
85%
6,731,790Hyderabad
85%
8,443,675Bangalore
81%
5,577,940Ahmedabad
72%
4,467,797Pune
67%
4,467,797Jaipur
55%
4,467,797Surat
51%

Score Distribution

Percentile by Number Answered

Percent of People with Each Score

Your Score History

You have not taken this quiz